| 000 | 00363nam a2200145Ia 4500 | ||
|---|---|---|---|
| 008 | 230917s9999||||xx |||||||||||||| ||und|| | ||
| 040 |
_e139545 _aMAIN |
||
| 041 | _aEnglish | ||
| 082 | _a005.133 P252O | ||
| 100 | _aParsons, David | ||
| 245 | 0 | _aObject oriented programming with c++ | |
| 260 |
_aNew Delhi _bPublications _c1995 |
||
| 300 | _a320 p. | ||
| 942 | _cBK | ||
| 999 |
_c97345 _d97345 |
||